000 01252nab a2200229 i 4500
001 768714001
003 CO-MdFUSB
005 20230112163423.0
008 211214b ck ||||| |||| 00| 0 spa d
022 _a1014-9341
040 _bspa
_aCO-MdFUSB
_cCO-MdFUSB
_dCO-MdFUSB
041 _aspa
100 _eAutor
_aSosa, Carlos R.,
245 _aCriterios bíblicos para discernir entre la profecía auténtica y la falsa
_c/ Carlos R. Sosa
300 _aNúmero 48 (Enero - Junio, 2011), páginas 119-124
_c; 23 cm
520 _aEl autor, profesor en la University of Durham, Inglaterra, se ha interesado en los últimos años por desarrollar teología bíblica partiendo del Antiguo Testamento, su área de especialidad. De hecho, su The Bible, Theology, and Faith (2000) es el antecedente de que ahora estamos reseñando. los dos tienen por objeto demostrar cómo un tema clásico de la teología cristiana puede ser articulado y desarrollado en el contexto de la Escritura tomada como un todo.
650 7 _9320
_aTeología bíblica
653 _aProfecía.
690 _aCristianismo
773 0 _049489
_979999
_oR2081
_tKairós
_w(CO-MdFUSB)768714001
_x10149341
_gNúmero 48 (Enero - Junio, 2011), páginas 119-124
_qPágina 119
942 _cANA
999 _c67088
_d67088